000 00287nam a22001337a 4500
008 180220b xxu||||| |||| 00| 0 eng d
020 _a9781880156063
041 _aeng
080 _a311
100 _a55
101 _aSTA
245 _aBasic statistics
_cKiemele,M.J
942 _2udc
_cBK
999 _c42921
_d42921